10 Pays par superficie (Version extrême) - Classement à l'aveugle - Statistiques

Statistiques générales
  • Ce quiz a été pris 741 fois
  • Le résultat moyen est 4 sur 10
Réponses sur la Carte
Les réponses sont colorées sur une échelle allant du rouge au vert en fonction du pourcentage des utilisateurs qui les ont devinées à leur premier essai. Vous pouvez retrouver ces pourcentages ci-dessous.
 
Statistiques - réponses
Pays Superficie en Km² % Correct
Danemark 2.21 m
100%
Sainte-Lucie 616
86%
Bangladesh 143 k
83%
Monaco 2
83%
Tadjikistan 143 k
80%
Libye 1.76 m
75%
Liechtenstein 160
75%
Botswana 581 k
73%
Algérie 2.38 m
71%
Éthiopie 1.10 m
71%
Madagascar 587 k
71%
Namibie 824 k
71%
Mauritanie 1.03 m
70%
Somalie 637 k
70%
Azerbaïdjan 86 k
67%
Belize 22 k
67%
Brésil 8.51 m
67%
Espagne 505 k
67%
Grèce 131 k
67%
Japon 377 k
67%
Luxembourg 2586
67%
Mali 1.24 m
67%
Palaos 459
67%
Tanzanie 947 k
67%
Venezuela 912 k
67%
Vietnam 331 k
67%
Djibouti 23 k
64%
Qatar 11 k
64%
Australie 7.74 m
63%
Bahreïn 760
63%
Italie 301 k
63%
Oman 309 k
63%
Ouganda 241 k
63%
Papouasie-Nouvelle-Guinée 462 k
63%
Suriname 163 k
63%
Canada 9.98 m
60%
Corée du Sud 100 k
60%
Équateur 283 k
60%
Finlande 338 k
60%
Gabon 267 k
60%
Iran 1.65 m
60%
Pakistan 796 k
60%
Rwanda 26 k
60%
Guinée équatoriale 28 k
58%
Bahamas 13 k
57%
Estonie 45 k
57%
Islande 103 k
56%
Népal 147 k
56%
Turquie 783 k
56%
Lesotho 30 k
55%
Malaisie 329 k
55%
Portugal 92 k
55%
Andorre 468
50%
Antigua-et-Barbuda 443
50%
Brunei 5765
50%
Bulgarie 110 k
50%
Burkina Faso 274 k
50%
Cambodge 181 k
50%
Cap-Vert 4022
50%
Chine 9.6 m
50%
Égypte 1 m
50%
Émirats Arabes Unis 83 k
50%
États-Unis 9.83 m
50%
Guatemala 108 k
50%
Guinée-Bissau 36 k
50%
Haiti 27 k
50%
Inde 3.29 m
50%
Indonésie 1.90 m
50%
Kenya 580 k
50%
Kiribati 811
50%
Malawi 118 k
50%
Niger 1.27 m
50%
Norvège 323 k
50%
Ouzbékistan 447 k
50%
Royaume-Uni 243 k
50%
Salvador 21 k
50%
Sénégal 196 k
50%
Soudan du Sud 644 k
50%
Sri Lanka 65 k
50%
Suède 450 k
50%
Zimbabwe 390 k
50%
Allemagne 357 k
46%
Érythrée 117 k
45%
Nicaragua 130 k
45%
Arménie 29 k
44%
Bhoutan 38 k
44%
Burundi 27 k
44%
Honduras 112 k
44%
Îles Salomon 28 k
44%
Kazakhstan 2.72 m
44%
Nigéria 923 k
44%
Philippines 300 k
44%
Serbie 77 k
44%
Togo 56 k
44%
Barbade 430
43%
Comores 2235
43%
Pologne 312 k
43%
République centrafricaine 622 k
43%
Saint-Vincent-et-les Grenadines 389
43%
Thaïlande 513 k
43%
Cuba 110 k
40%
Géorgie 69 k
40%
Maldives 298
40%
Moldavie 33 k
40%
Monténégro 13 k
40%
Mozambique 799 k
40%
Nauru 21
40%
Pays-Bas 41 k
40%
Russie 17.1 m
40%
Saint-Marin 61
40%
Sao Tomé-et-Principe 964
40%
Turkménistan 488 k
40%
Vanuatu 12 k
40%
Angola 1.25 m
38%
Etats Fédérés de Micronésie 702
38%
République tchèque 78 k
38%
Singapour 697
38%
Slovaquie 49 k
38%
Îles Marshall 181
36%
Albanie 28 k
33%
Belgique 30 k
33%
Biélorussie 207 k
33%
Chili 756 k
33%
Costa Rica 51 k
33%
Dominique 751
33%
Ghana 238 k
33%
Guyana 214 k
33%
Kirghizistan 199 k
33%
Koweït 17 k
33%
Libéria 111 k
33%
Lituanie 65 k
33%
République démocratique du Congo 2.34 m
33%
Sierra Leone 71 k
33%
Swaziland 17 k
33%
Syrie 185 k
33%
Tchad 1.28 m
33%
Trinité-et-Tobago 5130
33%
Zambie 752 K
33%
Timor-Oriental 14 k
31%
Macédoine du Nord 25 k
30%
Paraguay 406 k
30%
Roumanie 238 k
30%
Samoa 2842
30%
Soudan 1.86 m
30%
Arabie Saoudite 2.15 m
29%
Bolivie 1.10 m
29%
Irak 438 k
29%
Mongolie 1.56 m
29%
Uruguay 176 k
29%
Vatican 0.44
29%
Croatie 56 k
27%
Liban 10 k
27%
Bosnie-Herzégovine 51 k
25%
Corée du Nord 120 k
25%
Côte d'ivoire 322 k
25%
Gambie 11 k
25%
Irlande 70 k
25%
Laos 236 k
25%
République du Congo 342 k
25%
Seychelles 452
25%
Slovénie 20 k
25%
Yémen 527 k
25%
Myanmar 676 k
22%
Pérou 1.29 m
22%
Afrique du Sud 1.22 m
20%
Jamaïque 10 k
20%
Kosovo 10 k
20%
Lettonie 64 k
20%
Maurice 2040
20%
Mexique 1.96 m
20%
Nouvelle-Zélande 267 k
20%
Tunisie 163 k
20%
Israël 20 k
18%
Tonga 747
18%
Bénin 112 k
17%
Colombie 1.14 m
17%
Hongrie 93 k
17%
Jordanie 89 k
17%
Maroc 446 k
17%
République Dominicaine 48 k
17%
Argentine 2.78 m
14%
Fidji 18 k
14%
Malte 316
14%
Saint-Christophe-et-Niévès 261
14%
Chypre 9251
13%
Guinée 266 k
13%
Panama 75 k
11%
Autriche 83 k
10%
Afghanistan 652 k
0%
Cameroun 475 k
0%
France 643 k
0%
Grenade 344
0%
Suisse 41 k
0%
Taïwan 35 k
0%
Tuvalu 26
0%
Ukraine 603 k
0%
Aucun quiz correspondant
Distribution des résultats
% des personnes avec chaque résultat
Percentile par nombre de réponses
Votre historique - résultats
Vous n’avez pas pris ce quiz